000 00372 a2200121 4500
001 ART_14798
005 20260410161614.0
008 260409a
245 1 0 _aMotivación de empleados:
100 1 _aGroysberg, Boris
700 1 _aNohria, NItin
773 0 _tHarvard Business Review
_gAfinar su ventaja competitiva - Vol. 86. Nº 7 (jul. 2008)
_wREV340
999 _c10878
_d10878